Greatest Lakers NBA Players - Statistics

General Stats
  • This quiz has been taken 463 times
  • The average score is 12 of 16
Answer Stats
Picture Answer % Correct
Kobe Bryant
100%
LeBron James
99%
Magic Johnson
99%
Shaquille O'Neal
99%
Kareem Abdul-Jabbar
97%
Jerry West
94%
Anthony Davis
91%
Wilt Chamberlain
91%
Pau Gasol
88%
James Worthy
74%
Elgin Baylor
73%
George Mikan
66%
Derek Fisher
62%
Byron Scott
31%
Michael Cooper
30%
A.C. Green
27%
No matching quizzes found
Score Distribution
Percent of People with Each Score
Percentile by Number Answered
Your Score History
You have not taken this quiz